Do more with SOA Integration: Best of Packt (Record no. 349827)
[ view plain ]
| 000 -LEADER | |
|---|---|
| fixed length control field | 00352nam a2200109Ia 4500 |
| 008 - FIXED-LENGTH DATA ELEMENTS--GENERAL INFORMATION | |
| fixed length control field | 171211s9999 xx 000 0 und d |
| 245 ## - TITLE STATEMENT | |
| Title | Do more with SOA Integration: Best of Packt |
| 245 ## - TITLE STATEMENT | |
| Statement of responsibility, etc | Arun Poduval |
| 260 ## - PUBLICATION, DISTRIBUTION, ETC. (IMPRINT) | |
| Date of publication, distribution, etc | 2011 |
| 650 ## - SUBJECT ADDED ENTRY--TOPICAL TERM | |
| General subdivision | IT eBOOKS |
| 856 ## - ELECTRONIC LOCATION AND ACCESS | |
| Uniform Resource Identifier | <a href="http://down.ebook777.com/020/Do%20more%20with%20SOA%20Integration%20Best%20of%20Packt.pdf">http://down.ebook777.com/020/Do%20more%20with%20SOA%20Integration%20Best%20of%20Packt.pdf</a> |
| Withdrawn status | Lost status | Damaged status | Home library | Current library | Date acquired | Total Checkouts | Date last seen | Price effective from | Koha item type |
|---|---|---|---|---|---|---|---|---|---|
| College Library | College Library | 12/11/2017 | 12/11/2017 | 12/11/2017 | Curriculum - Based eBooks |